000 00320nam a22001217a 4500
008 170713b xxu||||| |||| 00| 0 eng d
041 _aeng
080 _a17
100 _a24
101 _aFIL
245 _aLEARNING TO BE MORAL PHILOSOPHICAL THOUGHTS ABOUT MORAL DEVELOPMENT
_cCRITTENDEN.P
942 _2udc
_cBK
999 _c20545
_d20545